书目信息 |
| 书名: | Anglo-American and German abbreviations in science and technology = | |
| 作者: | ||
| 分册号: | ||
| 分册名: | 出版地: | New York : |
|
| 出版社: | Bowker | |
| 出版时间: | 1977-. | |
| 页数: | pt.3/(P-Z), 1447-2276 p. | |
| 开本: | ||
| 丛书名: | ||
| 中图分类号: | ||
| 科图分类号: | ||
| 其他分类号: | H336 | |
| 主题词: | ||
| 电子资源: | ||
| 000 | 01208nam 2200241 a 4500 | |
| 001 | E0753814461 | |
| 005 | 20070302150156.93 | |
| 008 | 001 0 eng | |
| 008 | uu | |
| 008 | uu | |
| 020 | @cCNY4.80. | |
| 040 | @aNLC | |
| 049 | @aN5LA | |
| 090 | @a2G/N61/AGA/////////*250709/ pt.1/(A-E)/*250710/ pt.1/(A-E)/ cop.2/251159/ pt.1/(A-E)/ cop.3/899550/ pt.3/(P-Z)/253072/ pt.2/(F-O)/884617/ pt.2/(F-O)/ cop.2/251161/ pt.3/(P-Z)/ cop.2/253073/ pt.3/(P-Z)/ cop.3/*902354/ pt.2/(F-O)/ cop.3/*902355/ pt.2/(F-O)/ cop.4/*866121/ pt.1/(A-E)/ cop.4/*866122/ pt.1/(A-E)/ cop.5/251160/ pt.2/(F-O)/ cop.5/*909521/ pt.3/(P-Z)/ cop.4/*909522/ pt.3/(P-Z)/ cop.5/885372/ pt.1/(A-E)/ cop.6/885373/ pt.2/(F-O)/ cop.6/250708/ pt.1/(A-E)/ cop.7 | |
| 090 | @aH336 | |
| 096 | @aN61 @v2 | |
| 099 | @dH336@ex164:3 | |
| 245 | 00 | @aAnglo-American and German abbreviations in science and technology = :@bAnglo-amerikanische und deutsche Abkürzungen in Wissenschaft und Technik |
| 260 | @aNew York :@bBowker,@c1977-. | |
| 300 | @apt.3/(P-Z), 1447-2276 p. | |
| 700 | 1 | @aWennrich, Peter. @b00 @c20020930 @lNLC09 @h2246 @lNLC09 @h2259 @lNLC09 @h1851 |
| 852 | 9 | @bWWJC @cJ09 @k2G @hN61 @iAGA |
| 852 | 9 | @bGJSS @k2G @hN61 @iAGA |
| Anglo-American and German abbreviations in science and technology = : : Anglo-amerikanische und deutsche Abkürzungen in Wissenschaft und Technik.-New York : : Bowker, , 1977-. |
| pt.3/(P-Z), 1447-2276 p. |
| ISBN CNY4.80. |
| ● |
| 相关链接 |
|
|
|
|
正题名:Anglo-American and German abbreviations in science and technology =
索取号:H336/x164:3
 
预约/预借
| 序号 | 登录号 | 条形码 | 馆藏地/架位号 | 状态 | 备注 |
| 1 | 49236 | 001310469 | 第四借阅区/ [索取号:H336/x164:3] | 在馆 | |
| 2 | 49237 | 001310691 | 第四借阅区/ [索取号:H336/x164:3] | 在馆 |